[Event "Napoli Natale al Vomero 2nd"]
[Site "Napoli"]
[Date "2005.11.03"]
[Round "1"]
[White "De Rosa, Mariagrazia"]
[Black "Torre, Carlo"]
[Result "1-0"]
[WhiteElo "2100"]
[BlackElo "1670"]
[PlyCount "63"]
[EventDate "2005.11.03"]
[EventType "swiss"]
[EventRounds "6"]
[EventCountry "ITA"]
[SourceTitle "EXT 2018"]
[Source "ChessBase"]
[SourceDate "2017.10.13"]
[SourceVersion "1"]
[SourceVersionDate "2017.10.13"]
[SourceQuality "1"]

1. e4 g6 2. Nf3 Bg7 3. Be2 c6 4. d4 d5 5. Nc3 Bg4 6. exd5 cxd5 7. 0-0 Nc6 8. Bf4 a6 9. h3 Bxf3 10. Bxf3 e6 11. Ne2 Qb6 12. c3 Nge7 13. Qd2 0-0 14. Nc1 Na5 15. b3 Rac8 16. Nd3 Qd8 17. Rac1 Nac6 18. Rfe1 b5 19. Nb4 a5 20. Nd3 Qb6 21. Red1 b4 22. Ne5 Nxe5 23. dxe5 Rc6 24. c4 Rd8 25. Bg5 Qb7 26. Bf6 Bf8 27. cxd5 Rxc1 28. Rxc1 exd5 29. Rc5 Qa7 30. Qc1 Nf5 31. Rc7 Qb8 32. Bxd8 1-0